All Named Women in the Bible - Statistics

General Stats
  • This quiz has been taken 19 times
  • The average score is 30 of 155
Answer Stats
Answer Hint % Correct
Mary Mother of Jesus | The mother of James and Joses (or Joseph) | The mother of John Mark | +2 others
92%
Bathsheba Wife of Uriah and Hittite and later of David, king of the United Kingdom of Israel of Judah.She was the mother of Solomon, who succeeded David as king
85%
Sarah Wife of Abraham and the mother of Isaac. | Wife of Tobias
85%
Eve First woman, wife of Adam
69%
Ruth Refuses to abandon her mother-in-law. Boaz and Ruth get married and have a son namedObed. Obed is the descendent of Perez the son of Judah, and the grandfather of David.
69%
Jezebel False prophetess | Queen of ancient Israel
62%
Delilah The “woman in the valley of Sorek” who Samson loved
54%
Elizabeth Mother of John the Baptist and cousin to Mary the mother of Jesus
54%
Naomi Mother-in-law to Ruth. Ruth refuses to abandon her.
54%
Rachel Second wife of Jacob, and sister of Leah. Mother of Joseph and Benjamin
54%
Anna A prophetess and widow who worshipped God through prayer and fasting.
46%
Esther Queen of the Persian Empire in the Hebrew Bible, the queen of Ahasuerus
46%
Judith Heroine of the deuterocanonical Book of Judith | Hittite wife of Esau
46%
Hagar Egyptian handmaiden of Sarah, wife of Abraham. Hagar became the mother of one ofAbraham’s sons, Ishmael
38%
Hannah A worshipper at Jerusalem. Mother of Samuel
38%
Leah First wife of Jacob who was given to him in place of Rachel whom he loved.
38%
Martha Sister of Mary and Lazarus
38%
Rebekah Wife of Isaac and the mother of Jacob and Esau
38%
Abigail Mother of Amasa, Sister of David | Wife of the wicked Nabal, who became a wife of David after Nabal’s death.
31%
Joanna One of the women who went to prepare Jesus’ body for burial, and was informed by two angels inshining garments that Jesus had risen. She was the wife of Cuza, a house-steward of Herod the Tetrarch. In Luke 8, she is listed as one of the women who had been healed either of an infirmity or an evil spirit, and who ministered to Jesus out of her resources.
31%
Lydia The first converted believer after the resurrection, and the first to introduce it in to her household.She was a successful business woman and she was pivotal to the spread of the name of Jesus.
31%
Mary Magdalene Important disciple of Jesus
31%
Matred Mother of Mehetabel, daughter of Mezahab
31%
Mehetabel Daughter of Matred
31%
Miriam Sister of Moses | Woman of Judah
31%
Salome A follower of Jesus present at His crucifixion as well as the empty tomb. | Daughter of Herodias. Persuaded Herod to have John the Baptist beheaded.
31%
Sapphira She and her husband, Ananias, were land owners and lied about a donation from selling property. Both died suddenly.
31%
Tabitha She was always doing good and helping the poor
31%
Candace Ethiopian queen; a eunuch under her authority and in charge of her treasury was witnessed toby Philip the Evangelist, led to God and baptized
23%
Chloe Leading early Christian woman in Corinth
23%
Dorcas Woman in the early Christian Church known for her charity. Resurrected by the Apostle Peter.
23%
Gomer Wife of Hosea and a prostitute
23%
Jael Heroine who killed Sisera to deliver Israel from the troops of King Jabin. She was the wifeof Heber the Kenite
23%
Julia She is one of the first century Christian woman who receives a special greeting from the apostlePaul at the clos of the epistle to the Romans.
23%
Lois Grandmother of Saint Timothy
23%
Me-Zahab Mother of Matred
23%
Rahab Canaanite woman in Jericho that helped hide Israelite spies. In return, her family was sparedduring the city’s destruction.
23%
Susanna A follower of Jesus | A woman who was nearly sentenced to death due to false adultery accusations before beingsaved by Daniel.
23%
Tamar Daughter of David’s son Absalom | Daughter of King David, and sister of Absalom. Her mother was Maacah, daughter of Talmai,King of Geshur | Daughter-in-law of Judah, as well as the mother of two of his children, the twins Zerah and Perez
23%
Vashti Queen, and wife of King Ahasuerus
23%
Zilpah Leah’s handmaid who becomes a wife of Jacob and bears him two sons, Gad and Asher
23%
Zipporah Wife of Moses, daughter of Jethro
23%
Deborah Prophetess and the fourth, and the only female, Judge of pre-monarchic Israel in theOld Testament
15%
Dinah Daughter of Jacob, one of the patriarchs of the Israelites and Leah, his first wife
15%
Drusilla The wife of governor Felix and Jewish princes daughter of Herod Agrippa I
15%
Elisheba Wife of Aaron
15%
Eunice Mother of Timothy
15%
Euodia Christian of the Church in Philippi
15%
Huldah Prophetess
15%
Jemima One of Job’s daughters.
15%
Jochebed Mother of Moses, Aaron, and Miriam
15%
Keturah Wife of Abraham after Sarah’s death
15%
Keziah Second daughter of Job
15%
Maacah 2nd wife of King Rehoboam, Mother of Abijah, Attai, Zika and Shelomith. Rehoboam lovedMacau the most. | Sister of Makir, father of Gilead | The daughter of King Tammi of Geshur, who was married to King David and born himhis son Absalom
15%
Michal Daughter of Saul and wife of David
15%
Naamah Mother of King Rehoboam | Sister of Tubal-cain
15%
Orpah Sister-in-law to Ruth
15%
Peninnah Wife of Elkanah
15%
Phoebe A first century Christian woman, commended by the Apostle Paul to the believers in Rome
15%
Priscilla Wife of Aquila, and missionary partner to Paul the Apostle
15%
Puah One of two midwives who saved the Hebrew boys
15%
Rhoda Servant in the house of Mary, mother of John Mark. Her testimony about Peter was not believedat first.
15%
Abital One of King David’s wives
8%
Adah Daughter of Elon, the Hittite and one of the wives of Esau. | Wife of Lamech
8%
Ahinoam One of King David’s wives, mother of Amnon | Wife of King Saul, mother of Michal
8%
Aholibamah Daughter of Anah and one of Esau’s wives.
8%
Asenath Egyptian wife of Joseph
8%
Atarah Second wife of Jerahmeel
8%
Athaliah Queen of Judah during the reign of King Jehoram, and later became sole ruler of Judahfor five years.
8%
Berenice The oldest daughter of King Agrippa I, and sister of King Agrippa II, with whom she loved after herhusband Herod, King of Chalcis, died. She and King Agrippa listened to the Apostle Paul’s defence after he was transferred to Rome for an appeal to Caesar.
8%
Cozbi A Midianite princess who was killed by Phinehas (grandson of Aaron) because her evil influence was seen as the source of a plague among the Israelites
8%
Damaris An Athenian woman who converted to Christianity
8%
Eglah One of King David’s wives
8%
Herodias Granddaughter of Herod the Great and mother of Salome; married her uncle Herod II (or Philip),divorced him to marry his half brother Herod Antipas
8%
Hogla One of the five daughters of Zelophehad who were given the right to inherit their deceasedfather’s property
8%
Jerusha Daughter of Zadok, a priest, wife of King Uzziah and mother of Jotham
8%
Junia Among those whom Paul greets at the close of the epistle to the Romans in Chapter 16.
8%
Keren-Happuch One of Job’s daughters
8%
Mahalath Daughter of Ishmael and 3rd wife of Esau | Granddaughter of David and the first wife of King Rehoboam
8%
Merab King Saul’s oldest daughter
8%
Milcah One of the daughters of Zelophehad | Wife of Nahor and daughter of Haran
8%
Noa Daughter of Zelophehad
8%
Reumah Concubine of Abraham’s brother Nahor
8%
Serah Daughter of Asher
8%
Shelomit Daughter of Zerubbabel, sister of Meshullam and Hananiah | Mother of blasphemer
8%
Shiphrah One of the two midwives who saved the Hebrew boys
8%
Shua Daughter of Heber
8%
Syntyche Christian of the Church in Philippi mentioned with Euodia
8%
Tirzah One of the daughters of Zelophehad
8%
Zeresh Wife of Haman
8%
Zillah Wife of Lamech and the mother of Tubal-Cain and Namaah.
8%
Abihail Wife of Abishur and mother of Ahban and Molid | Wife of King Rehoboam
0%
Abishag Concubine of aged King David
0%
Achsah Daughter of Caleb. When Caleb promised her to Othniel in marriage, sherequested that he increased her dowry to include not only land, but springs of water as well.
0%
Asherah Consort of God (wife of El)
0%
Azubah Caleb’s wife | Wife of King Asa, 3rd King of Judah, and mother of Jehoshaphat
0%
Baara Moabitess, wife of Shaharaim
0%
Basemeth Daughter of Ishmael of 3rd wife of Esau
0%
Bithiah Pharaoh’s daughter
0%
Claudia Greeted by Paul the Apostle
0%
Ephah One of the concubines of Caleb (prince of Judah)
0%
Ephrath Second wife of Caleb (the spy)
0%
Haggith Wife of King David, mother of Adoniyah
0%
Hammolekheth possibly ruled over portions of Gilead
0%
Hamutal Wife of Josiah and mother of “ungodly” sons Jehoshaphat and Mattaniah
0%
Hazzelelponi daughter of Etam, tribe of Judah
0%
Helah One of the wives of Asshur
0%
Hephziba Wife of King Hezekiah and mother of Manasseh, who undid Hezekiah’s good works
0%
Hodesh one of the wives of Shaharaim
0%
Hushim One of the wives of Shaharaim
0%
Iscah Daughter of Abraham’s younger brother Haran
0%
Jecholiah Wife of Amaziah (King of Judah) and mother of Uzziah
0%
Jedidah Wife of wicked King Manessah and mother of Josiah
0%
Jehoaddan Wife of King Josh’s and mother of King Amaziah of Judah
0%
Jehosheba Daughter of Jehoram and wife of Jehoiada. She saved her nephew Jehoash frommassacre
0%
Jerioth Wife of Caleb (son of Hezron)
0%
Lo-Ruhamah Daughter of Hosea and Gomer
0%
Mahlah A Gileadite | One of the daughters of Zelophehad
0%
Mary of Rome First century Christian woman, named among those Paul the Apostle greets at the end of the epistle to the Romans
0%
Naarah Wife of Asher, tribe of Judah
0%
Noadiah Prophetess
0%
Persis First century Chirstian woman, named among those Paul the Apostle greets at the end ofRomans
0%
Rizpah Daughter of Aiah and one of the concubines of King Saul
0%
Sheerah Founded three towns. Descendent of Ephraim
0%
Tahpenes An Egyptian Queen
0%
Taphath Daughter of Solomon
0%
Timnah Concubine of Eliphaz and mother of Amalek
0%
Tryphena Recipient of greetings from Paul in the final chapter of the epistle to the Romans
0%
Tryphosa Recipient of greetings from Paul in the final chapter of the epistle to the Romans
0%
Zeruiah Daughter or stepdaughter of Jesse of the Tribe of Judah, was an older sister of King David.She had three sons, Abishai, Joab, and Asahel, all of whom were soldiers in David’s army.
0%
Zibiah Mother of Joash
0%
No matching quizzes found
Score Distribution
Percent of People with Each Score
Percentile by Number Answered
Your Score History
You have not taken this quiz